Ricostruisci la Carriera del Calciatore - Andreas Brehme - Statistics

Statistiche generali
  • Questo quiz è stato fatto 4 volte
  • Il punteggio medio è 3 su 7
Statistiche sulle risposte
Hint Risposta % Corretto
1986-1988 Bayern Monaco
67%
1981-1986 Kaiserslautern
67%
1980-1981 Saarbrücken
67%
1978-1980 Barmbek-Uhlenhorst
33%
1988-1992 Inter
33%
1992-1993 Real Saragozza
33%
1993-1998 Kaiserslautern
0%
Nessun quiz corrispondente trovato
Distribuzione punteggi
Percentuale di utenti per punteggio
Percentile per numero di risposta
I tuoi punteggi nel tempo
Non hai fatto questo quiz